| 000 | 00564nam a2200181Ia 4500 | ||
|---|---|---|---|
| 008 | 131103s9999 xx 000 0 und d | ||
| 040 | _aLoreto College | ||
| 041 | _aEnglish | ||
| 082 |
_aL _b#NAME? |
||
| 100 | _aLewis,C.S. | ||
| 245 |
_aEnglish literature in the sixteenth century excluding drama _cC.S.Lewis |
||
| 260 |
_aOxford _bClarendon Press _c1954 (1962 printing) |
||
| 300 |
_avi,696 p. _c 22 cm. |
||
| 504 | _aIncludes bibliographical references and index | ||
| 650 | _aEnglish Literature - History and Criticism | ||
| 850 | _aLCLIB | ||
| 942 | _cBK | ||
| 999 |
_c13377 _d63856 |
||